1839 1759 1567 1577 1220 1982 1364 1280 1738 1644 1808 1978 1121 1236 1618 1615 1496 1951 1345 1528 1822 1502 1370 1381 1306 1734 1461 1083 1548 1154 1050 1623 1144 1608 1100 1054 1645 1108 1339 1124 1514 1760 1569 1556 1162 1283 1480 1759 1479 1112 1503 1502 1724 1164 1099 1709 1146 1588 1311 1833 1854 1687 1021 1958 1813 1080 1237 1465 1192 1024 1918 1906 1200 1780 1637 1985 1728 1824 1117 1249 1852 1246 1912 1049 1340 1397 1807 1321 1797 1518 1714 1924 1173 1190 1529 1220 1770 1469 1178 BCNSPRNW ULIB Ver.6.0+V

เปลี่ยนเป็นภาษาไทย

Change to English
 แสดงรายละเอียดบรรณานุกรม
  กลับหน้าหลัก

Brief Record : Get Marc (ISO 2709) : E-mail record : QR code < ปิดหน้าต่าง
LEADER : 00000nam 2200000uu 4500
001    13399111693
003     ULIB
008    110706s2554||||th 000 0 tha d
020    9786165001380
090    นว.^bล258ด 2554
100 0   ลัลล์ลลิล
245 00  ดวงใจแห่งโรม/^cลัลล์ลลิล
260    กรุงเทพฯ :^bพิมพ์คำ,^c2554
300    552 หน้า
945    ^p300^l0^i18286
995     เกษร
999     ^aใช้งานได้ทุกระบบ
รายการนี้ยังไม่มีแท็ก
คุณยังไม่ได้ล็อกอิน คุณสามารถมีกิจกรรมร่วมกับเว็บไซต์ได้ แต่ต้องล็อกอินก่อน ::
  ล็อกอิน

รายการสื่อสารสนเทศ

ลำดับที่ ประเภท เลขเรียก/บาร์โค้ด สถานที่ สถานะ
1. วิทยาศาสตร์การแพทย์ และสุขภาพ
วิทยาศาสตร์การแพทย์ และสุขภาพ
นว. ล258ด 2554  
  Barcode: 18286
ห้องสมุดวิทยาเขตสวรรค์ประชารักษ์
►นวนิยาย
บนชั้น
  ขอยืม

รายการใกล้เคียง
    ผู้แต่ง [ลัลล์ลลิล]

BibComment


ยังไม่เคยถูกคอมเมนท์

คอมเมนท์ทรัพยากรรายการนี้
  คอมเมนท์: ดวงใจแห่งโรม ลัล..


 Copyright 2026. Bcnsprnw @Library